| 000 | 00477nam a2200169Ia 4500 | ||
|---|---|---|---|
| 003 | STCL | ||
| 008 | 181203s9999 xx 000 0 und d | ||
| 020 | _a9788131214374 | ||
| 040 |
_aSTCL _bEN _cSTCL |
||
| 082 | _222 | ||
| 100 | _aValentine, Joan Selverstone; Gralla, Edith Butler, Ed. | ||
| 245 | 0 | _aAdvances in Protein Chemistry: Volume 60: Copper-Containing Proteins | |
| 260 |
_bAcademic Press _aNew Delhi _c2008 |
||
| 300 | _a493 | ||
| 546 | _aEnglish | ||
| 942 |
_2ddc _cBK |
||
| 999 |
_c83063 _d83063 |
||